| 000 | 00540nam a22001937a 4500 | ||
|---|---|---|---|
| 003 | NUST | ||
| 005 | 20230911110401.0 | ||
| 008 | 190730b ||||| |||| 00| 0 eng d | ||
| 038 | _aMr. Noman Tariq | ||
| 082 | _a658.4 | ||
| 100 |
_aAftab, Usman _918834 |
||
| 245 |
_aTraining of Construction Workers in Pakistan _cUsman Aftab. |
||
| 260 |
_aIslamabad: _bNBS - NUST, _c2014. |
||
| 300 |
_axviii, 55 p,: ill.; _c30cm. |
||
| 500 | _aHardcover. | ||
| 650 |
_aEMBA Thesis. _917645 |
||
| 700 |
_aDr. Zainab Riaz. _917650 |
||
| 942 |
_2ddc _cTHE |
||
| 999 |
_c527525 _d527525 |
||